| 000 | 00000nam 2200000za 4500 |
| 001 | 9.811388 |
| 003 | CaOODSP |
| 005 | 20221107141059 |
| 007 | cr ||||||||||| |
| 008 | 160218s1990 oncabo|fo f001 0 eng d |
| 020 | |z0-660-13628-7 |
| 040 | |aCaOODSP|beng |
| 043 | |an-cn---|an-us-ak |
| 086 | 1 |aA42-42/1990-17E-PDF|zA42-42/1990-17E |
| 100 | 1 |aDondale, Charles D. |
| 245 | 14|aThe wolf spiders, nurseryweb spiders and lynx spiders of Canada and Alaska |h[electronic resource] : |bAraneae: Lycosidae, Pisauridae, and Oxyopidae / |cCharles D. Dondale and James H. Redner. |
| 260 | |aOttawa : |bResearch Branch, Agriculture Canada, |c1990. |
| 300 | |a383 p. : |bill., maps. |
| 490 | 1 |aThe insects and arachnids of Canada ; |vpart 17 |
| 504 | |aIncludes bibliographic references and index. |
| 510 | 0 |aCanadian cataloguing in publication data printed in this publication. |
| 546 | |aIncludes some text in French. |
| 692 | 07|2gccst|aArachnids |
| 700 | 1 |aRedner, James H. |
| 710 | 1 |aCanada.|bAgriculture Canada.|bResearch Branch. |
| 776 | 0#|tThe wolf spiders, nurseryweb spiders, and lynx spiders of Canada and Alaska (Araneae: Lycosidae, Pisauridae, and Oxyopidae) / |w(CaOODSP)9.609117 |
| 830 | #0|aThe insects and arachnids of Canada ;|vpt. 17|w(CaOODSP)9.811273 |
| 856 | 40|qPDF|s20.95 MB |uhttps://publications.gc.ca/collections/collection_2016/aac-aafc/agrhist/A42-42-1990-17-eng.pdf |
| 986 | |aPublication 1856 |